| 000 | 00645nam a22002177a 4500 | ||
|---|---|---|---|
| 005 | 20150324164815.0 | ||
| 008 | 140714b xxu||||| |||| 00| 0 Urdu d | ||
| 010 | _aUR-8786 | ||
| 020 | q | _c200.00 | |
| 035 | _aU-7341 | ||
| 037 | _bDBAD/Pub. | ||
| 040 |
_aDPL _bUrdu |
||
| 082 | _a840.08 | ||
| 100 | _aشيخ محمد صہبا | ||
| 245 |
_aڈ ر ا ينگ ر و م _bشيخ محمد صہبا |
||
| 246 |
_aDrawing Room _bBy Sheikh Mohd Sehba |
||
| 260 |
_aJalgaon Maharashtra _bTowo Publication _c2014 |
||
| 270 | _aRohoma, 13-Ganesh Puri,Mehron | ||
| 300 |
_a169ص _b22C.m.(PB) |
||
| 942 |
_2ddc _cUR _h840.08 _mش ے خ |
||
| 999 |
_c92473 _d92473 |
||